Fotografia (Registo nº 35)

Detalhes MARC
000 -Etiqueta do registo
Cabeçalho 01541cam a2200349 4500
005 - Identificador da versão
Campo de controlo 20240813121753.0
095 ## -
-- PTBN00467717
010 ## - Número internacional normalizado dos livros (ISBN)
Número (ISBN) 9722611194
021 ## - Número do Depósito Legal
Código do país PT
Número 63179/93
035 ## - Other System Control Numbers
System Control Number 0000036
System Control Number 0000036
System Control Number 0000036
System Control Number 0000036
100 ## - Dados gerais de processamento
Dados gerais de processamento 19930630d1993 m y0pory5003 ba
102 ## - Pais de publicação ou produção
País de publicação Portugal
101 1# - Língua de publicação
Língua do texto, banda sonora, etc. Português
Língua do documento no original Inglês
106 ## - Campo de dados codificados: material textual
Dados codificados do material textual r
105 ## - Campo de dados codificados: livros
Dados codificados dos livros ac g 001yy
215 ## - Descrição física 
Indicação específica da natureza do documento e extensão da espécie 240 p.
Outras indicações físicas il.
Dimensões 21 cm
200 1# - Titulo e menção de responsabilidade
Título próprio Fotografia
Informação de outro título guia prático
Primeira menção de responsabilidade Michael Langford
Outras menções de responsabilidade trad. Manuel Cordeiro
210 ## - Publicação, Distribuição, etc. 
Lugar da edição, distribuição, etc. Porto
Nome do editor, distribuidor, etc. Civilização
Data da publicação, distribuição, etc. imp. 1993
330 ## - Sumário ou Resumo
Texto da nota Livro adoptado e aconselhado num grande número de escolas de fotografia, e recomendado em diversas universidades e institutos superiores de língua inglesa. Traduzida em várias línguas, esta edição constitui um estruturado curso teórico não só para os estudantes de fotografia como para o leitor em geral, que procura uma informação básica mais desenvolvida do que aquela que se encontra nos livros vulgares destinados a amadores. O Plano geral desta obra foi orientado a partir de conferências feitas pelo autor, Michael Langford, considerado em vida um grande mestre, com muitos anos de experiência no ensino.
304 ## - Notas relativas a título e menção de responsabilidade 
Texto da nota Tít. orig.: Creative photography
606 ## - Nome comum usado como assunto
Número de registo de entrada de autoridade 0000101
Palavra de ordem Fotografia
Subdivisão de assunto <[>Guias]
675 ## - Classificação Decimal Universal (CDU)
Notação 77(036)
Edição BN
Língua da edição por
702 ## - Nome de autor-pessoa física (responsabilidade secundária)
Número de registo de entrada de autoridade 0000104
Palavra de ordem Cordeiro
Outra parte do nome não tomada para palavra de ordem Manuel
Código de função Tradutor
700 ## - Nome de autor-pessoa física (responsabilidade principal)
Número de registo de entrada de autoridade 0000103
Palavra de ordem Langford
Outra parte do nome não tomada para palavra de ordem Michael
966 ## - Identificação da Biblioteca
Sigla NUMETECA
942 ## - Elementos de entrada adicionados (Koha)
Tipo de item no Koha Livro
Exemplares
Situação do levantamento Origin of item (home branch) (coded) Biblioteca de empréstimo Código de barras Cota Circulation type (not for loan) Tipo de documento Nota do exemplar Damaged status
  Biblioteca Escolar Eng. Nuno Mergulhão Biblioteca Escolar Eng. Nuno Mergulhão BENM578 77FOT LAN   Livro Sem mensagem